History Quiz

Random History or Famous Quiz

Country by Famous Person Quiz Stats

Quiz Updated Feb 27, 2015

Also try: Forty Famous Women
Challenge
Share
Tweet
Score 0/25 Timer 07:00
3 Plays Today
% Correct
India (Mohandas Gandhi)
99.2%
Russia (Yuri Gagarin)
93.3%
China (Mao Zedong)
89.9%
Italy (Luciano Pavarotti)
86.8%
Germany (Albert Einstein)
84.8%
Argentina (Pope Francis)
81.5%
South Korea (Daniel Dae Kim)
74.4%
Switzerland (Roger Federer)
73.5%
Poland (Pope John Paul II)
69.6%
Jamaica (Usain Bolt)
66.6%
Pakistan (Benazir Bhutto)
57.7%
Mexico (Frida Kahlo)
57.6%
Canada (Peter Jennings)
57.6%
% Correct
Brazil (Pelé)
54%
Colombia (Shakira)
53.6%
Spain (Salvador Dalí)
52.6%
Philippines (Manny Pacquiao)
49.6%
Sweden (Ingrid Bergman)
44%
Myanmar (Aung San Suu Kyi)
42%
Hungary (Bela Lugosi)
34.4%
Fiji (Vijay Singh)
30.6%
Ghana (Kofi Annan)
28.7%
Vietnam (Thich Nhat Hanh)
27.5%
South Sudan (Manute Bol)
25.6%
South Africa (J.R.R. Tolkien)
14.9%

You're not logged in!

Compare scores with friends on all Sporcle quizzes.
Join for Free
OR
Log In

You Might Also Like...

Show Comments

Extras

Top Quizzes Today


Score Distribution

Your Account Isn't Verified!

In order to create a playlist on Sporcle, you need to verify the email address you used during registration. Go to your Sporcle Settings to finish the process.

Report this User

Report this user for behavior that violates our Community Guidelines.

Details: